000 04134cam a2200421Ii 4500
001 9781315709925
008 180706s2018 xx a o 000 0 eng d
020 _a9781315709925
_q(e-book : PDF)
020 _a9781317487388
_q(e-book: Mobi)
020 _a9781317487395
_q(e-book: ePub)
020 _z9781138856684
_q(hardback)
024 7 _a10.4324/9781315709925
_2doi
040 _aKO
_beng
040 _aFlBoTFG
_cFlBoTFG
_erda
041 0 _aeng
072 7 _aLAW034000
_2bisacsh
072 7 _aLAW066000
_2bisacsh
100 1 _aChristodoulou-Varotsi, Iliana,
_eauthor.
245 1 0 _aMarine Pollution Control :
_bLegal and Managerial Frameworks /
_cIliana Christodoulou-Varotsi.
250 _aFirst edition.
264 1 _aLondon :
_bTaylor and Francis,
_c2018.
300 _a1 online resource
336 _atext
_2rdacontent
337 _acomputer
_2rdamedia
338 _aonline resource
_2rdacarrier
490 0 _aLloyd's Practical Shipping Guides
505 0 0 _tchapter Introductory chapter --
_tMarine environment protection and shipping regulations /
_r Iliana Christodoulou-Varotsi --
_tchapter 1 Marine Pollution From Oil /
_r Iliana Christodoulou-Varotsi --
_tchapter 2 The international regulation, prevention and management of marine environmental pollution created by the offshore oil and gas industry /
_r Wylie Spicer Peter L'Esperance --
_tchapter 3 Marine oil pollution in the United States of America --
_tA framework for prevention and response to marine oil pollution incidents /
_r Antonio Rodriguez Jake Rodriguez --
_tchapter 4 Marine pollution from sewage /
_r Iliana Christodoulou-Varotsi --
_tchapter 5 Marine pollution from wastes /
_r Iliana Christodoulou-Varotsi --
_tchapter 6 Frameworks governing marine pollution from the transportation of chemicals by sea /
_r Iliana Christodoulou-Varotsi --
_tchapter 7 Air pollution from shipping /
_r Iliana Christodoulou-Varotsi --
_tchapter 8 Other sources of marine pollution --
_tBallast water, harmful substances in anti-fouling systems, ship-breaking activities and other /
_r Iliana Christodoulou-Varotsi --
_tchapter 9 Preparedness, response, and cooperation in the context of marine pollution /
_r Iliana Christodoulou-Varotsi --
_tchapter 10 The contribution of the human element to marine pollution control /
_r Iliana Christodoulou-Varotsi --
_tchapter 11 Legal aspects of marine pollution from ships /
_r Iliana Christodoulou-Varotsi.
520 2 _a"This book discusses in a concise manner the key aspects that are important for the understanding of regulations and managerial framework governing marine pollution. It identifies the practical context in which marine pollution comes into play and addresses the international legal regime governing the numerous sources of marine pollution, as well as the ways in which these regulations affect the conduct of day-to-day shipping operations.With illustrations, case studies, emphasis boxes, references to case law and to national jurisdictions and other tools facilitating understanding and knowledge, readers will find helpful guidance on:the sources of marine pollution (including ship-source pollution and pollution from the offshore oil and gas sector);the forms of cooperation needed in order to tackle the prevention, management and response to marine pollution; overview of MARPOL Convention, other key IMO conventions, and selected regional regimes;legal ramifications, including P & I Clubs and limitation of liability;involvement of the flag State, coastal State and port State;industry best practice;the human elementMarine Pollution Control will be a useful guidance tool for shipping Industry professionals, (P & I) Clubs, Legal practitioners, maritime administrators, as well as academics and students of marine pollution. "--Provided by publisher.
650 0 _aEnvironmental law.
650 0 _aMaritime law.
650 0 4 _aEnvironmental Law - Law
650 0 4 _aMaritime Law for Professionals
650 0 4 _aShipping & Maritime Law
856 4 0 _uhttps://www.taylorfrancis.com/books/9781315709925
_zClick here to view.
904 _aRUDRA_R
905 _aR_RANJAN
942 _cEB
999 _c3067
_d3067